000 00369nam a2200133Ia 4500
003 GCL
008 140319s9999 xx 000 0 ara d
040 _aGCL /
_cGCL
245 1 0 _aبرجاء تسجيل وعاء اخر
650 0 4 _aالاقتصاد الاسلامى
650 0 4 _aالنظام المالى فى الاسلام
650 0 4 _aالربا
942 _2ddc
_cBK
999 _c52401
_d52401